Po čem rabíni touží : mimořádně vtipná i politicky nekorektní zpráva o ortodoxních Židech /

Hlavní autor: Tenenbom, Tuvia, 1957-
Další autoři: Weiner, David
Jazyk: Čeština
Vydáno: Praha : Zeď, 2022
Vydání: Vydání první
Témata:
Fyzický popis: 467 stran : ilustrace ; 21 cm
Knihy
Uloženo v:
LEADER 03154nam a2200829 i 4500
001 nkc20223462171
003 CZ PrNK
005 20230215133115.0
007 ta
008 221124s2022 xr a e 000 1acze
015 |a cnb003462171 
020 |a 978-80-88445-10-4  |q (brožováno) 
035 |a (OCoLC)1369540678 
040 |a ABG001  |b cze  |e rda 
041 1 |a cze  |h eng 
043 |a a-is--- 
045 |a x-y- 
072 7 |a 316.3  |x Globální společnosti. Sociální struktura. Sociální skupiny  |2 Konspekt  |9 18 
080 |a 821.111(73)-051  |2 MRF 
080 |a 821(=411.16)-051  |2 MRF 
080 |a 913:910.4  |2 MRF 
080 |a (=411.16)  |2 MRF 
080 |a 265  |2 MRF 
080 |a 316.347  |2 MRF 
080 |a 39  |2 MRF 
080 |a 26-1/-5  |2 MRF 
080 |a 26-67  |2 MRF 
080 |a (569.4)  |2 MRF 
080 |a (0:82-4)  |2 MRF 
080 |a (0:82-321.8)  |2 MRF 
100 1 |a Tenenbom, Tuvia,  |d 1957-  |7 xx0218432  |4 aut 
240 1 0 |a One God street aka Tempted by a Pinky.  |l Česky 
245 1 0 |a Po čem rabíni touží :  |b mimořádně vtipná i politicky nekorektní zpráva o ortodoxních Židech /  |c Tuvia Tenenbom ; přeložil: David Weiner 
250 |a Vydání první 
264 1 |a Praha :  |b Zeď,  |c 2022 
300 |a 467 stran :  |b ilustrace ;  |c 21 cm 
336 |a text  |b txt  |2 rdacontent 
337 |a bez média  |b n  |2 rdamedia 
338 |a svazek  |b nc  |2 rdacarrier 
500 |a Přeloženo z angličtiny 
600 1 7 |a Tenenbom, Tuvia,  |d 1957-  |7 xx0218432  |2 czenas 
648 7 |a 20.-21. století  |7 ch462155  |2 czenas 
650 0 7 |a američtí spisovatelé  |7 ph117171  |y 20.-21. století  |2 czenas 
650 0 7 |a židovští spisovatelé  |7 ph128012  |y 20.-21. století  |2 czenas 
650 0 7 |a cesty a pobyt  |7 ph137578  |z Izrael  |2 czenas 
650 0 7 |a Židé  |7 ph127782  |z Izrael  |2 czenas 
650 0 7 |a ortodoxní judaismus  |7 ph123822  |z Izrael  |2 czenas 
650 0 7 |a náboženská identita  |7 ph139139  |z Izrael  |2 czenas 
650 0 7 |a zvyky a obyčeje  |7 ph137519  |z Izrael  |2 czenas 
650 0 7 |a náboženské tradice  |7 ph114546  |z Izrael  |2 czenas 
650 0 7 |a judaismus a společnost  |7 ph514348  |z Izrael  |2 czenas 
650 0 9 |a American authors  |y 20th-21st centuries  |2 eczenas 
650 0 9 |a Jewish authors  |y 20th-21st centuries  |2 eczenas 
650 0 9 |a travels and stays  |z Israel  |2 eczenas 
650 0 9 |a Jews  |z Israel  |2 eczenas 
650 0 9 |a Orthodox Judaism  |z Israel  |2 eczenas 
650 0 9 |a religious identity  |z Israel  |2 eczenas 
650 0 9 |a manners and customs  |z Israel  |2 eczenas 
650 0 9 |a religious traditions  |z Israel  |2 eczenas 
650 0 9 |a Judaism and society  |z Israel  |2 eczenas 
655 7 |a reportáže  |7 fd133252  |2 czenas 
655 7 |a cestopisné prózy  |7 fd205190  |2 czenas 
655 9 |a reportage  |2 eczenas 
655 9 |a travel prose  |2 eczenas 
700 1 |a Weiner, David  |7 ola20191022699  |4 trl 
910 2 |a BOA001  |b 2-1499.544 
920 |a 4679634  |z ABG001 
990 |a BK 
995 |a 01 
991 |b 202212  |c NOV 
996 6 |b 2610923827  |c 2-1499.544  |l MZK  |r Sklad / do 1 hodiny  |n 1  |p p.v.  |w 001907279  |u 000010  |a 1  |e BOA001  |j MZK50  |s P 
996 7 |b 2610930935  |c 2-1499.544  |l MZK  |r Sklad / do 1 hodiny  |n 6  |p kup  |w 001907279  |u 000020  |a 1  |e BOA001  |j MZK50  |s A